000
00339nam a2200145Ia 4500
008
150201s2011 xx 000 0 und d
082
_a
617
_b
M11F
100
_a
FISCHER, JOSEL , E.
245
_a
MASTER OF SURGERY -1
250
_a
5TH
260
_b
WOLTER KLUWER
_a
DELHI
_c
2011
300
_a
1-1222
650
_a
SURGERY
942
_2
ddc
_c
BK
999
_c
1282
_d
1282